LEADER 01283nam a2200313 4500 001 000000348045 003 CaOOAMICUS 005 20211110095210.0 008 211006s2002 it 000 u ita r 020 $a88-07-01561-7 040 $aSeMil$bita 100 1 $aKertész, Imre,$d<1929-2016>.$0(OLS)http://semarc/name/108314 240 10$aRoman eines schicksallosen.$0(OLS)http://semarc/title/437368 245 10$aEssere senza destino /$cImre Kertész ; traduzione di Barbara Griffini. 250 $a2. Ed. 264 1$aMilano :$bFeltrinelli,$c2002. 300 $a223 p. ;$c22 cm 490 1 $aNarratori 650 4$aCampi di concentramento - Germania - Deportati.$0(OLS)http://semarc/subject/46425 700 1 $aGriffini, Barbara.$0(OLS)http://semarc/name/49120 830 0$aNarratori.$0(OLS)http://semarc/title/425583 850 $aSeMil 852 $aSeMil$W1$xVenegono$y1$m1U III 83$j229714$B239083$CSeMilBibl$Z2$F239083 $81 961 $aPerego don Stefano - Omaggio 961 $aEx libris don Stefano Perego 996 $6020$a88-07-01561-7$9(OLS)http://semarc/number/294240 996 $6245$aEssere senza destino$9(OLS)http://semarc/title/437369 996 $6264$aMilano :$bFeltrinelli$9(OLS)http://semarc/publisher/30237 LEADER 01420nam a2200313 i 4500 001 000000096518 003 CaOOAMICUS 005 20141112000000.0 008 141112s2003 it u000 u ita u 013 $a68760 020 $a88-07-17088-4 040 $aSeMil$bita 100 1 $aZanotelli, Alex,$c.$0(OLS)http://semarc/name/36563 245 10$aKorogocho :$balla scuola dei poveri /$cAlex Zanotelli ; a cura di Pier Maria Mazzola e Raffaello Zordan ; postfazione di Arturo Paoli. 260 $aMilano :$bFeltrinelli,$c2003. 300 $a215 p. ;$c23 cm. 490 0 $aSerie bianca 650 4$aChiesa e poveri.$0(OLS)http://semarc/subject/1343 650 4$aMissionari - Biografie.$0(OLS)http://semarc/subject/15013 700 1 $aZordan, Raffaello.$0(OLS)http://semarc/name/36565 700 1 $aMazzola, Pier Maria.$0(OLS)http://semarc/name/36564 700 1 $aPaoli, Arturo,$c.$0(OLS)http://semarc/name/10698 830 0$aSerie bianca.$0(OLS)http://semarc/title/10031 850 $aSeMil 852 $aSeMil$W1$xVenegono$y1$m3E III 335$j56157$B56157$CSeMilBibl$Z2$F64119 $81 961 $aLascito: Serenthŕ don Mario 996 $6020$a88-07-17088-4$9(OLS)http://semarc/number/53672 996 $6245$aKorogocho :$balla scuola dei poveri$9(OLS)http://semarc/title/119472 996 $6260$aMilano :$bFeltrinelli$9(OLS)http://semarc/publisher/30237